Statistics for Least Dense States East of the Mississippi

Click here to take the quiz!

General Stats

  • This quiz has been taken 22 times
  • The average score is 9 of 10

Answer Stats

Pop/mi^2 Pop/km^2 State % Correct
11243Kentucky
100%
9537Alabama
100%
4316Maine
95%
6324Mississippi
95%
16061Tennessee
95%
16262South Carolina
95%
6726Vermont
91%
7629West Virginia
91%
14857New Hampshire
86%
10641Wisconsin
73%

Score Distribution

Percentile by Number Answered

Percent of People with Each Score

Your Score History

You have not taken this quiz